| 000 | 00467nam a22001337a 4500 | ||
|---|---|---|---|
| 082 | _a005.1,ZAI | ||
| 100 |
_aZainab, Naureen _935415 |
||
| 245 |
_aDevelopmet of Web based GIS Alert System for Informing Environment Risk of Dengue Infections in Major Cities of Pakistan / _cNaureen Zainab |
||
| 260 |
_aRawalpinid _bMCS - NUST, _c2014 |
||
| 300 | _a87 p. ; 30cm | ||
| 650 |
_aComputer Science-MS-Thesis _916114 |
||
| 700 |
_aDr, Fahim Arif _920941 |
||
| 942 |
_2ddc _cTHE |
||
| 999 |
_c608218 _d608218 |
||